Всенощное бдение и Божественная Литургия св. Иоанна Златоустого обычного напева (Запись № 10557788)

Подробности
000 -МАРКЕР
контрольное поле 02150ncm0a2200385 4500
001 - ИДЕНТИФИКАТОР ЗАПИСИ
контрольное поле RU\NLR\ONIZ\212206
005 - ИДЕНТИФИКАТОР ВЕРСИИ
контрольное поле 20250624195654.0
021 ## - НОМЕР ГОСУДАРСТВЕННОЙ РЕГИСТРАЦИИ
Код страны российская федерация
Номер 10-243н
Номер Листа государственной регистраци 10-19н
035 ## - ДРУГИЕ СИСТЕМНЫЕ НОМЕРА
Идентификатор записи RU\NLR\ONIZ\Таня\5000002476\20150624152113
035 ## - ДРУГИЕ СИСТЕМНЫЕ НОМЕРА
Идентификатор записи (NLR Aleph) 010891738
071 20 - ИЗДАТЕЛЬСКИЙ НОМЕР
Номер, присвоенный агентством Ж.И. 094(Н061)
100 ## - ДАННЫЕ ОБЩЕЙ ОБРАБОТКИ
Данные общей обработки 20150624d2004 |||y0rusy50 ca
101 0# - ЯЗЫК РЕСУРСА
Язык текста, звукозаписи и т.д. русский
102 ## - СТРАНА ПУБЛИКАЦИИ ИЛИ ПРОИЗВОДСТВА
Страна публикации российская федерация
125 ## - ПОЛЕ КОДИРОВАННЫХ ДАННЫХ: ЗВУКОЗАПИСИ И НОТНЫЕ ИЗДАНИЯ
Форма изложения нотного текста zx
128 ## - ПОЛЕ КОДИРОВАННЫХ ДАННЫХ: МУЗЫКАЛЬНАЯ ФОРМА, ТОНАЛЬНОСТЬ И ЛАД
Музыкальная форма scs
145 0# - ПОЛЕ КОДИРОВАННЫХ ДАННЫХ: СРЕДСТВО ИСПОЛНЕНИЯ МУЗЫКАЛЬНОГО ПРОИЗВЕДЕНИЯ (УСТАРЕВШЕЕ)
Тип средства исполнения a
200 1# - ЗАГЛАВИЕ И СВЕДЕНИЯ ОБ ОТВЕТСТВЕННОСТИ
Основное заглавие Всенощное бдение и Божественная Литургия св. Иоанна Златоустого обычного напева
Общее обозначение материала Ноты
Сведения, относящиеся к заглавию ор.50
-- в 2 тетр.
Обозначение и номер части Тетр. 1
Наименование части Всенощное бдение обычного напева
Первые сведения об ответственности П. Чесноков
210 ## - ПУБЛИКАЦИЯ, РАСПРОСТРАНЕНИЕ И ДР.
Место издания, распространения и т.д. Москва
Имя издателя, распространителя и т. д. Живоносный источник
Дата издания, распространения и т.д. 2004
215 ## - ФИЗИЧЕСКАЯ ХАРАКТЕРИСТИКА
Специфическое обозначение материала и объем 90, [1] c.
Другие сведения о физической характеристике портр.
Размеры 29 см
225 1# - СЕРИЯ
Основное заглавие серии Духовные произведения для смеш. хора a cappella
Обозначение тома Вып. 2
313 ## - ПРИМЕЧАНИЯ, ОТНОСЯЩИЕСЯ К ТЕМАТИЧЕСКОМУ ДОСТУПУ
Текст примечания Систематизация документа проведена по изданию - Методика классифицирования музыкальных произведений (нотных изданий) по таблицам Библиотечно-библиографических классификаций : метод. рекомендации / Гос. б-ка СССР им. В.И. Ленина.- М., 1977. Индексу ББК методических рекомендаций присваивается код ББК для научных библиотек - LBC/SL
686 ## - ИНДЕКСЫ ДРУГИХ КЛАССИФИКАЦИЙ
Индекс Щ99(2Р)
Издание LBC/SL
Код системы
700 #1 - ИМЯ ЛИЦА - ПЕРВИЧНАЯ ОТВЕТСТВЕННОСТЬ
Системный номер авторитетной/нормативной записи z01790
Начальный элемент ввода Чесноков
Часть имени, кроме начального элемента ввода П. Г.
Даты 1877-1944
Расширение инициалов личного имени Павел Григорьевич
Код отношения Композитор
Графика поля Кириллица
790 #1 - ИМЯ ЛИЦА - АЛЬТЕРНАТИВНАЯ ФОРМА
Системный номер авторитетной/нормативной записи z01700
Начальный элемент ввода Chesnokov
Часть имени, кроме начального элемента ввода P. G.
Даты 1877-1944
Расширение инициалов личного имени Pavel Grigoryevich
Код отношения Композитор
Графика поля Латинская
801 #0 - ИСТОЧНИК ЗАПИСИ
Страна российская федерация
Организация NLR
Дата составления 20150624
Правила каталогизации PSBO
801 #1 - ИСТОЧНИК ЗАПИСИ
Страна российская федерация
Организация NLR
Дата составления 20150624
Источник данных rusmarc
801 #2 - ИСТОЧНИК ЗАПИСИ
Страна российская федерация
Организация NLR
Дата составления 20190630
852 ## - МЕСТОНАХОЖДЕНИЕ И ШИФР ХРАНЕНИЯ
Идентификатор организации NLR
Наименование фонда или коллекции (Sub-Location Identifier) М
Шифр хранения (Call Number) К-3/24585(2.1)
Страна
Номер экземпляра 1
852 ## - МЕСТОНАХОЖДЕНИЕ И ШИФР ХРАНЕНИЯ
Идентификатор организации NLR
Наименование фонда или коллекции (Sub-Location Identifier) М
Шифр хранения (Call Number) К-3/24585(2.1)а
Страна
Номер экземпляра 2
942 ## - ДОПОЛНИТЕЛЬНЫЕ ЭЛЕМЕНТЫ ЗАПИСИ (АБИС)
Тип экземпляра АБИС Ноты
980 ## - КОЛЛЕКЦИЯ
Название коллекции Национальная библиография
980 ## - КОЛЛЕКЦИЯ
Название коллекции Отдел нот и звукозаписей
Экземпляры
Тип экземпляра Дата поступления Библиотека постоянного хранения Библиотека текущего хранения Место хранения Шифр хранения Статус не для выдачи
Ноты 24.06.2015 РНБ (Московский) РНБ (Московский) Фонд нот и звукозаписей К-3/24585(2.1) К-3/24585(2.1)  
Ноты 24.06.2015 РНБ (Московский) РНБ (Московский) Фонд нот и звукозаписей К-3/24585(2.1)а К-3/24585(2.1)а